000 00459nam a2200205Ia 4500
001 109919
003 YMCAF
005 20230512162406.0
008 100717s2002 ||||||||||||||||| ||und|d
024 _a109919
035 _aWB906
040 _aYMCAF
_beng
_cIN-KoLT
041 _aeng
082 _a621.319
_b2 TYE
100 _aTyer, TSKV
245 0 _aTheory and problems in circuit analysis
260 _bTMH
_c2002
300 _a672
942 _2ddc
_cBK
999 _c11689
_d11689